Photosynthetic adaptation : chloroplast to landscape /

Bibliographic Details
Other Authors: Smith, William K. (William Kirby), 1944-, Vogelmann, Thomas Craig, Critchley, Christa
Format: Book
Language:English
Published: New York : Springer, [2004]
Series:Ecological studies ; v. 178.
Subjects:

MARC

Tag First Indicator Second Indicator Subfields
LEADER 00000pam a2200000 a 4500
001 in00002015313
005 20151031160559.0
008 040507s2004 nyuab b 001 0 eng
010 |a  2004049195 
020 |a 0387220798 (hc : alk. paper) 
035 |a (OCoLC)ocm55286560 
040 |a DLC  |c DLC  |d TXA  |d UtOrBLW 
049 |a TXAM 
050 0 0 |a QK725  |b .P48 2004 
082 0 0 |a 571.6/592  |2 22 
245 0 0 |a Photosynthetic adaptation :  |b chloroplast to landscape /  |c William K. Smith, Thomas C. Vogelmann, Christa Critchley, editors. 
264 1 |a New York :  |b Springer,  |c [2004] 
264 4 |c ©2004 
300 |a xii, 314 pages :  |b illustrations, maps ;  |c 24 cm. 
336 |a text  |b txt  |2 rdacontent 
337 |a unmediated  |b n  |2 rdamedia 
338 |a volume  |b nc  |2 rdacarrier 
490 1 |a Ecological studies,  |v v. 178 
504 |a Includes bibliographical references and index. 
650 0 |a Chloroplasts. 
650 0 |a Photosynthesis. 
650 0 |a Plants  |x Adaptation. 
700 1 |a Smith, William K.  |q (William Kirby),  |d 1944- 
700 1 |a Vogelmann, Thomas Craig. 
700 1 |a Critchley, Christa. 
830 0 |a Ecological studies ;  |v v. 178. 
948 |a cataloged  |b h  |c 2005/1/7  |d c  |e ceaton  |f 1:16:35 pm 
994 |a C0  |b TXA 
999 |a MARS 
999 f f |s 0f629fc1-e522-3c86-a1ba-2b24a8956162  |i b57419a8-9cab-3417-876d-eee6a6f11f4f  |t 0 
952 f f |p ric  |a Texas A&M University  |b Rellis Campus  |c Joint Library Facility  |d Remote Storage  |t 0  |e QK725 .P48 2004  |h Library of Congress classification  |i unmediated -- volume  |m A14831729286 
998 f f |a QK725 .P48 2004  |t 0  |l Remote Storage